Concrete Practice (Record no. 38386)

MARC details
000 -LEADER
fixed length control field 00649nam a2200193 a 4500
008 - FIXED-LENGTH DATA ELEMENTS--GENERAL INFORMATION
fixed length control field 120416s1975 ||||||||||||||||| || u
020 ## - INTERNATIONAL STANDARD BOOK NUMBER
International Standard Book Number 0721009972
050 ## - LIBRARY OF CONGRESS CALL NUMBER
Classification number TA 682.4 Con
100 ## - MAIN ENTRY--PERSONAL NAME
Personal name Barnbrook, George
245 10 - TITLE STATEMENT
Title Concrete Practice
246 ## - VARYING FORM OF TITLE
Title proper/short title G. Barnbrook and others
260 ## - PUBLICATION, DISTRIBUTION, ETC.
Place of publication, distribution, etc. Wexham Springs
Name of publisher, distributor, etc. Cement and Concrete Association
Date of publication, distribution, etc. 1975
300 ## - PHYSICAL DESCRIPTION
Extent 64p. : ill.
350 ## - PRICE (NR) (BK AM CF MU VM SE) [OBSOLETE]
Price 0.00
650 ## - SUBJECT ADDED ENTRY--TOPICAL TERM
Topical term or geographic name entry element CONCRETE
650 ## - SUBJECT ADDED ENTRY--TOPICAL TERM
Topical term or geographic name entry element CONCRETE CONSTRUCTION
700 ## - ADDED ENTRY--PERSONAL NAME
Personal name Guy, Ian Neville
995 ## - RECOMMENDATION 995 [LOCAL, UNIMARC FRANCE]
-- 0.00
-- CBU-MAIN LIBRARY (Kitwe)
-- 1
-- 0.00
-- 1
-- AVAILABLE
-- Annex Low-Usage Collection
Holdings
Withdrawn status Lost status Source of classification or shelving scheme Damaged status Not for loan Home library Current library Shelving location Date acquired Total Checkouts Full call number Barcode Date last seen Price effective from Koha item type
          CBU-MAIN LIBRARY, KITWE. CBU-MAIN LIBRARY, KITWE.   11/30/2022   TA 682.4 Con 013848 11/30/2022 11/30/2022 MONOGRAPH